00872 a2200193 45000010006000000050017000060080041000230030015000640400040000790800065001192450029001840200022002132640033002353000019002685050247002871000018005347000027005528560099005794750320260407155742.0260407a2007 arg spa dAR-UNSa-BCEJYS aAR-UNSa-BCEJYSbspacAR-UNSa-BCEJYS a94(82):32xHistoria Política y Constitucional de Argentina10aHistoria del Radicalismo a978-950-9009-98-1 1aBuenos Aires :bEdhasac2007 a350 p.c23 cm. a1. Los orígenes - 2. El partido en el gobierno - 3. El radicalismo en la oposición, 1930-1943 - 4. Los años del peronismo, 1945-1955 - 5. La UCRI y la UCRP - 6. "La hora del Pueblo", 1966-1976 - 7. Renovación y Cambio - 8. La alianza.1 aSuriano, Juan1 aPersello, Ana Virginia41uhttps://www.biblioeco.unsa.edu.ar/pmb/images/libros/L127539.jpgyImagen de portadaqimage/jpeg